000 00990 a2200217 4500
003 Nust
005 20240108104655.0
010 _a 74002868
020 _a0023242701
040 _cNust
082 0 0 _a512,CON
100 1 _aConnelly, James Francis,
_9102470
245 1 0 _aPrecalculus mathematics;
_ba functional approach /
_cJames F. Connelly, Robert A. Fratangelo.
260 _aNew York,
_bMacmillan
_c[1975]
300 _aix, 431 p.
_billus.
_c26 cm.
505 _aSets and numbers (Page-1), Relations and functions (Page-37), Inequalities (Page-73), Polynomials (Page-93), Graphs of relations and functions (Page-115), Exponentials and logarithmic functions (Page-153), Circular functions (Page-163), The trignometric functions (Page-219), Complex numbers (Page-253), Elements of analytic geometry (Page-273), Sequences and series (Page-343).
650 0 _aMathematics.
650 0 _aPrecalculus.
_932522
700 1 _aFratangelo, Robert A.,
_9102020
942 _2ddc
_cBK
_k512,CON
999 _c180243
_d180243